000 nam a22 a 4500
999 _c1411
_d1411
005 20170509141955.0
008 170509b1981 xxu||||| |||| 00| 0 eng d
020 _a0253191548
040 _aAKMAL
082 _a301.412 KEN
090 _a301.412
_bKEN
100 _a Kennedy, Susan Estabrook.
_92775
245 1 0 _aIf all we did was to weep at home :
_ba history of white working-class women in America
_cSusan Estabrook Kennedy.
260 _aBloomington
_bIndiana University Press,
_c1981.
300 _axx,331p. ;
_c22cm
490 0 _aMinorities in modern America
500 _aISBN given on case as 0-253-19154-8.
599 _aDALAM PROSES
852 4 1 _aBritish Library
_bHMNTS
942 _2ddc
_cBOOK